| 000 | 00611 a2200169 4500 | ||
|---|---|---|---|
| 020 | _a1591391849 (paperback) | ||
| 020 | _a9781591391845 (paperback) | ||
| 090 |
_c5324 _d5324 |
||
| 100 | 1 | _aGoleman, Daniel. | |
| 245 | 1 | 0 |
_aPrimal leadership learning to lead with emotional intelligence / _cDaniel Goleman, Richard Boyatzis, Annie McKee. |
| 260 |
_a[S.l.] : _bHarvard Businsa School, _c2002. |
||
| 300 |
_a306 p. ; _c21 cm. |
||
| 700 | 1 | _aBoyatzis, Richard. | |
| 700 | 1 | _aMcKee, Annie. | |
| 856 | 4 | 0 |
_3Amazon.com _uhttp://www.amazon.com/exec/obidos/ASIN/B0038FFXC4/chopaconline-20 |
| 942 |
_aNBS _cBK _k658.4 GOL |
||
| 999 |
_c347736 _d347736 |
||